| 000 | 00986nam a2200241 a 4500 | ||
|---|---|---|---|
| 001 | HSB006112 | ||
| 003 | PILC | ||
| 005 | 20151008094641.0 | ||
| 008 | |||
| 020 | _a9780316027656 | ||
| 050 | 0 | 0 |
_aPZ 7 _b.M612 2007 |
| 100 | 1 | _aMeyer, Stephenie. | |
| 245 | 1 | 0 |
_aEclipse / _cStephenie Meyer. |
| 250 | _a1st edition. | ||
| 260 |
_aNew York : _bLittle, Brown, _c2007. |
||
| 300 |
_a629 pages ; _c22 cm. |
||
| 500 | _a"Megan Tingley books." | ||
| 510 | 4 |
_aKLIATT, _cNovember 00,2007. |
|
| 520 | _aBella must choose between her friendship with Jacob and her relationship with Edward, both vampires, but when Seattle is ravaged by a mysterious string of killings, the three of them need to decide whether their personal lives are more important than the well-being of an entire city. | ||
| 650 |
_aVampires _xFiction. |
||
| 856 | 4 | 2 |
_zPublisher description _uhttp://www.loc.gov/catdir/enhancements/fy0713/2007012325-d.html |
| 942 |
_2lcc _cBK _kFOR |
||
| 999 |
_c288833 _d288833 |
||